[Event "Reykjavik op"]
[Site "Reykjavik"]
[Date "2025.04.14"]
[Round "8"]
[White "Maciol, Ryszard"]
[Black "Zhang, Onno"]
[Result "0-1"]
[WhiteElo "2135"]
[BlackElo "1843"]
[PlyCount "50"]
[EventDate "2025.04.09"]
[EventType "swiss"]
[EventRounds "9"]
[EventCountry "ISL"]
[SourceTitle "CB17_2025"]
[SourceDate "2025.04.23"]
[SourceVersion "1"]
[SourceVersionDate "2025.04.23"]
[SourceQuality "1"]

1. d4 Nf6 2. c4 e6 3. Nc3 Bb4 4. e3 b6 5. Bd3 Bb7 6. Nf3 0-0 7. 0-0 c5 8. Na4 d6 9. a3 Ba5 10. Rb1 Na6 11. Qc2 Rc8 12. e4 h6 13. d5 exd5 14. exd5 b5 15. cxb5 Nc7 16. Bf5 Ncxd5 17. Bxc8 Qxc8 18. b4 Bc7 19. Re1 Nh5 20. Kf1 Ndf4 21. Re4 Bxe4 22. Qxe4 d5 23. Qe7 Re8 24. Qxc5 Qg4 25. Bxf4 Nxf4 0-1

[Event "Reykjavik op"]
[Site "Reykjavik"]
[Date "2025.04.09"]
[Round "1"]
[White "Maze, Sebastien"]
[Black "Maciol, Ryszard"]
[Result "1-0"]
[WhiteElo "2557"]
[BlackElo "2135"]
[PlyCount "67"]
[EventDate "2025.04.09"]
[EventType "swiss"]
[EventRounds "9"]
[EventCountry "ISL"]
[SourceTitle "CB17_2025"]
[SourceDate "2025.04.23"]
[SourceVersion "1"]
[SourceVersionDate "2025.04.23"]
[SourceQuality "1"]

1. d4 Nf6 2. Nf3 e6 3. Bg5 d5 4. Nbd2 Be7 5. e3 b6 6. c3 Bb7 7. Bb5+ Nfd7 8. Bf4 0-0 9. h4 Ba6 10. Bxa6 Nxa6 11. Qc2 Re8 12. h5 c5 13. g4 cxd4 14. exd4 f6 15. Kf1 Nf8 16. Re1 Nc7 17. Nb3 a5 18. Nc1 Nb5 19. Nd3 Rc8 20. Rg1 Bd6 21. g5 Bxf4 22. Nxf4 fxg5 23. h6 gxh6 24. Re5 Rc7 25. Nxg5 Rg7 26. Ngxe6 Nxe6 27. Nxe6 Rxg1+ 28. Kxg1 Qf6 29. Qe2 Nd6 30. Nf4 Rf8 31. Nxd5 Qg7+ 32. Kf1 Kh8 33. Re7 Nf7 34. Re8 1-0

[Event "BCF-chT2 2425 (4NCL)"]
[Site "England"]
[Date "2025.01.26"]
[Round "4.23"]
[White "Maciol, Ryszard"]
[Black "Rahul, Babu"]
[Result "1-0"]
[WhiteElo "2129"]
[BlackElo "2208"]
[PlyCount "115"]
[EventDate "2024.11.23"]
[EventType "team-tourn"]
[EventRounds "11"]
[EventCountry "ENG"]
[SourceTitle "CB14_2025"]
[SourceDate "2024.11.01"]
[SourceVersion "1"]
[SourceVersionDate "2024.11.01"]
[SourceQuality "1"]
[WhiteTeam "Celtic Tigers"]
[BlackTeam "The ADS"]
[WhiteTeamCountry "ENG"]
[BlackTeamCountry "ENG"]

1. d4 Nf6 2. c4 c6 3. Nc3 d5 4. cxd5 cxd5 5. Bf4 Qb6 6. e3 Qxb2 7. Bb5+ Bd7 8. Bxd7+ Nbxd7 9. Nge2 a6 10. Rb1 Qa3 11. Rxb7 e6 12. 0-0 Rc8 13. Bc7 Bb4 14. Qc2 Bxc3 15. Nxc3 0-0 16. Rfb1 Ne8 17. R1b3 Qe7 18. Bg3 Nd6 19. Ra7 Ra8 20. Rc7 Ne8 21. Rc6 Ndf6 22. Na4 Ne4 23. Nb6 Rd8 24. Be5 f6 25. Bf4 e5 26. Bg3 exd4 27. exd4 Nxg3 28. hxg3 Nd6 29. Re3 Qf7 30. Rc7 Qh5 31. g4 Qxg4 32. Rg3 Qxg3 33. fxg3 Nb5 34. Re7 Nxd4 35. Qd3 Nc6 36. Rd7 Ne5 37. Qxd5+ Nf7 38. Qe6 Rxd7 39. Nxd7 Rd8 40. Nc5 a5 41. Nb7 Rd1+ 42. Kh2 Kf8 43. Qc8+ Ke7 44. Qc5+ Ke8 45. Qxa5 Kf8 46. Qa8+ Ke7 47. Qa3+ Ke6 48. Qa6+ Kf5 49. g4+ Kg5 50. Qe2 Ra1 51. Nc5 Ne5 52. Ne4+ Kg6 53. Nd6 Kg5 54. Qe3+ Kxg4 55. Qd4+ Kh5 56. Qxa1 g5 57. Qd1+ Kh4 58. g3# 1-0

[Event "POL-chT 2nd League"]
[Site "Jastrzebia Gora"]
[Date "2024.09.06"]
[Round "7.57"]
[White "Maciol, Ryszard"]
[Black "Slawinski, Miroslaw"]
[Result "1-0"]
[WhiteElo "2130"]
[BlackElo "1982"]
[PlyCount "89"]
[EventDate "2024.08.31"]
[EventType "team-swiss"]
[EventRounds "9"]
[EventCountry "POL"]
[SourceTitle "EXT 2025"]
[Source "ChessBase"]
[SourceDate "2024.10.14"]
[SourceVersion "1"]
[SourceVersionDate "2024.10.14"]
[SourceQuality "1"]
[WhiteTeam "Jaworzno MCKiS"]
[BlackTeam "Olsztyn Trzydziestka"]
[WhiteTeamCountry "POL"]
[BlackTeamCountry "POL"]

1. d4 g6 2. e4 Bg7 3. c4 d6 4. Ne2 Nc6 5. d5 Ne5 6. f4 Nd7 7. Nec3 Nh6 8. Be3 f5 9. Bd4 Nf6 10. e5 dxe5 11. fxe5 Nd7 12. e6 Nf6 13. Na3 0-0 14. Qd2 c6 15. Be2 Qc7 16. 0-0-0 b5 17. cxb5 cxd5 18. Kb1 Ne4 19. Nxe4 dxe4 20. Bxg7 Kxg7 21. Bc4 Ng4 22. h4 e3 23. Qc3+ Qe5 24. Rd4 Kh6 25. Bd5 Bxe6 26. Nc4 Qf6 27. Bxa8 Rxa8 28. Nxe3 Ne5 29. Nd5 Bxd5 30. Rxd5 Ng4 31. Qxf6 Nxf6 32. Re5 Re8 33. Rc1 Ng4 34. Re6 Kg7 35. Rc7 Kf7 36. Re2 Kf6 37. Rxa7 e5 38. b6 Rb8 39. b7 e4 40. Ra6+ Ke5 41. Rb6 e3 42. a4 f4 43. a5 Ke4 44. a6 Kd3 45. a7 1-0

[Event "BCF-chT 2324 (4NCL)"]
[Site "England"]
[Date "2024.05.06"]
[Round "11.4"]
[White "Chan, Sheng Liang Bernard"]
[Black "Maciol, Ryszard"]
[Result "0-1"]
[WhiteElo "2096"]
[BlackElo "2127"]
[PlyCount "122"]
[EventDate "2023.11.11"]
[EventType "team-tourn"]
[EventRounds "11"]
[EventCountry "ENG"]
[SourceTitle "EXT 2025"]
[Source "ChessBase"]
[SourceDate "2024.10.14"]
[SourceVersion "1"]
[SourceVersionDate "2024.10.14"]
[SourceQuality "1"]
[WhiteTeam "Chessable White Rose II"]
[BlackTeam "Celtic Tigers"]
[WhiteTeamCountry "ENG"]
[BlackTeamCountry "ENG"]

1. d4 Nf6 2. c4 e6 3. Nc3 Bb4 4. a3 Bxc3+ 5. bxc3 c5 6. f3 Nc6 7. e3 b6 8. Bd3 Ba6 9. Qe2 Qc7 10. Bb2 Na5 11. d5 exd5 12. cxd5 Bxd3 13. Qxd3 c4 14. Qf5 0-0 15. Rd1 Rfe8 16. e4 Re5 17. Qh3 Rae8 18. Kf1 Nb3 19. Ne2 Nxe4 20. fxe4 Rxe4 21. Qg3 Qd8 22. Ng1 h5 23. Bc1 Qf6+ 24. Qf2 Qg6 25. h4 Nc5 26. Nf3 Re2 27. Qxe2 Rxe2 28. Kxe2 Qxg2+ 29. Ke3 Qc2 30. Rhf1 Qe4+ 31. Kf2 Nd3+ 32. Kg1 Qxd5 33. Be3 f6 34. Nd4 Qe4 35. Rf3 Qg4+ 36. Kf1 Ne5 37. Ke2 Nxf3 38. Nxf3 Qg2+ 39. Bf2 Qh3 40. Rg1 Kf7 41. Rd1 Qf5 42. Be1 d5 43. Rd4 Ke7 44. Bd2 Kd6 45. Bf4+ Kd7 46. Bd2 Kc7 47. Ne1 Kb7 48. Ng2 g5 49. Ne3 Qe5 50. Kd1 Qh2 51. Nxd5 gxh4 52. Bf4 Qg1+ 53. Kc2 h3 54. Rd2 Qc5 55. Bh2 Qxa3 56. Kd1 Qa1+ 57. Kc2 a5 58. Bf4 Qa2+ 59. Kc1 Qa3+ 60. Kb1 Qc5 61. Be3 h2 0-1

[Event "BCF-chT 2324 (4NCL)"]
[Site "England"]
[Date "2024.05.04"]
[Round "9.4"]
[White "Maciol, Ryszard"]
[Black "Webb, Laurence"]
[Result "0-1"]
[WhiteElo "2127"]
[BlackElo "2222"]
[PlyCount "130"]
[EventDate "2023.11.11"]
[EventType "team-tourn"]
[EventRounds "11"]
[EventCountry "ENG"]
[SourceTitle "EXT 2025"]
[Source "ChessBase"]
[SourceDate "2024.10.14"]
[SourceVersion "1"]
[SourceVersionDate "2024.10.14"]
[SourceQuality "1"]
[WhiteTeam "Celtic Tigers"]
[BlackTeam "Blackthorne Russia"]
[WhiteTeamCountry "ENG"]
[BlackTeamCountry "ENG"]

1. d4 Nf6 2. c4 e6 3. Nc3 Bb4 4. e3 c5 5. Bd3 Nc6 6. Nge2 cxd4 7. exd4 d5 8. cxd5 Nxd5 9. 0-0 0-0 10. Bc2 Re8 11. Qd3 g6 12. Ne4 Bf8 13. a3 Bg7 14. Bg5 Nce7 15. Rac1 b6 16. Ba4 Bd7 17. Bb3 f6 18. Bd2 Bc6 19. h4 Qd7 20. N2c3 Rac8 21. h5 Nxc3 22. bxc3 Bd5 23. c4 Bxe4 24. Qxe4 f5 25. Qe2 Nc6 26. hxg6 hxg6 27. Bg5 Nxd4 28. Qd3 Qf7 29. Ba2 Bf6 30. Be3 Rcd8 31. Bxd4 Bxd4 32. Qe2 Bc5 33. Rc3 Qf6 34. Rh3 Kg7 35. Qf3 Rh8 36. Rxh8 Kxh8 37. g3 Kg7 38. Bb3 e5 39. Qb7+ Qe7 40. Qc6 Qd6 41. Qb7+ Rd7 42. Qg2 e4 43. Rd1 Qe7 44. Rxd7 Qxd7 45. g4 e3 46. fxe3 Bxe3+ 47. Kh1 fxg4 48. Qe4 Bc5 49. Bc2 Qf7 50. Qe5+ Kg8 51. Qb8+ Bf8 52. Qg3 Qf1+ 53. Kh2 Qe2+ 54. Qg2 Bd6+ 55. Kg1 Bc5+ 56. Kh2 g3+ 57. Kh3 Qxg2+ 58. Kxg2 Bxa3 59. Kxg3 Kg7 60. Kf4 Kf6 61. Be4 g5+ 62. Kg4 Bc1 63. Bc6 Ke5 64. Kf3 Kd4 65. Bb5 a5 0-1

[Event "BCF-chT4 2223 (4NCL)"]
[Site "England"]
[Date "2023.04.29"]
[Round "9.71"]
[White "Latypov, Egor L"]
[Black "Maciol, Ryszard"]
[Result "0-1"]
[WhiteElo "1816"]
[BlackElo "2153"]
[PlyCount "110"]
[EventDate "2022.11.05"]
[EventType "team-swiss"]
[EventRounds "11"]
[EventCountry "ENG"]
[SourceTitle "EXT 2024"]
[Source "ChessBase"]
[SourceDate "2023.10.10"]
[SourceVersion "1"]
[SourceVersionDate "2023.10.10"]
[SourceQuality "1"]
[WhiteTeam "Anglian Avengers II"]
[BlackTeam "Celtic Tigers II"]
[WhiteTeamCountry "ENG"]
[BlackTeamCountry "ENG"]

1. d4 Nf6 2. c4 e6 3. Nc3 Bb4 4. Nf3 0-0 5. Bg5 c5 6. d5 exd5 7. cxd5 Re8 8. e3 Qb6 9. Bxf6 Qxf6 10. Qc2 d6 11. Bd3 g6 12. 0-0-0 Bxc3 13. Qxc3 Qxc3+ 14. bxc3 Bg4 15. h3 Bxf3 16. gxf3 Re7 17. h4 Nd7 18. Kd2 Rc8 19. f4 c4 20. Be2 Rc5 21. Kc2 Nf6 22. Bf3 Kf8 23. h5 gxh5 24. Bxh5 Ra5 25. Kb2 Rb5+ 26. Kc2 Ra5 27. Kb2 Rxd5 28. Bf3 Rxd1 29. Rxd1 d5 30. Bxd5 Rd7 31. Bf3 Rxd1 32. Bxd1 Ne4 33. Bf3 f5 34. Kc2 Ke7 35. Bg2 b5 36. f3 Nc5 37. Bh3 Kf6 38. e4 fxe4 39. fxe4 Nxe4 40. Bd7 a6 41. a4 Nc5 42. Bc8 bxa4 43. Kb2 h5 44. Ka3 a5 45. Bh3 h4 46. Bg4 Ne4 47. Kxa4 Nxc3+ 48. Kxa5 Nd5 49. Ka4 Nxf4 50. Kb4 Nd5+ 51. Ka3 Ke5 52. Kb2 Kd4 53. Kc1 Nf4 54. Kd2 c3+ 55. Kd1 h3 0-1

[Event "BCF-chT4 2223 (4NCL)"]
[Site "England"]
[Date "2023.04.29"]
[Round "10.53"]
[White "Maciol, Ryszard"]
[Black "Sefton, Adam"]
[Result "1-0"]
[WhiteElo "2153"]
[BlackElo "1785"]
[PlyCount "49"]
[EventDate "2022.11.05"]
[EventType "team-swiss"]
[EventRounds "11"]
[EventCountry "ENG"]
[SourceTitle "EXT 2024"]
[Source "ChessBase"]
[SourceDate "2023.10.10"]
[SourceVersion "1"]
[SourceVersionDate "2023.10.10"]
[SourceQuality "1"]
[WhiteTeam "Celtic Tigers II"]
[BlackTeam "Guildford Young Guns"]
[WhiteTeamCountry "ENG"]
[BlackTeamCountry "ENG"]

1. d4 Nf6 2. c4 c5 3. d5 b5 4. cxb5 a6 5. e3 axb5 6. Bxb5 Qa5+ 7. Nc3 Bb7 8. Bd2 Qb6 9. Qb3 e6 10. Bc4 Qxb3 11. Bxb3 exd5 12. Nge2 Na6 13. 0-0 Bd6 14. Ng3 g6 15. Rfd1 Nc7 16. e4 Bxg3 17. hxg3 d4 18. Bg5 Nh5 19. Nd5 Ne6 20. Bh6 Bxd5 21. exd5 Nf8 22. g4 Rg8 23. gxh5 gxh5 24. Re1+ Kd8 25. Bxf8 1-0

[Event "POL-chT 2nd League"]
[Site "Sypniewo"]
[Date "2021.09.12"]
[Round "9.3"]
[White "Solnicki, Michal"]
[Black "Maciol, Ryszard"]
[Result "1/2-1/2"]
[WhiteElo "2166"]
[BlackElo "2138"]
[PlyCount "35"]
[EventDate "2021.09.04"]
[EventType "team-swiss"]
[EventRounds "9"]
[EventCountry "POL"]
[SourceTitle "CBM 204 Extra"]
[Source "ChessBase"]
[SourceDate "2021.11.30"]
[SourceVersion "1"]
[SourceVersionDate "2021.11.30"]
[SourceQuality "1"]
[WhiteTeam "Warszawa Mogalo"]
[BlackTeam "Jaworzno"]
[WhiteTeamCountry "POL"]
[BlackTeamCountry "POL"]

1. d4 e6 2. g3 Nf6 3. Bg2 c5 4. Nf3 Nc6 5. 0-0 b6 6. b3 Bb7 7. c4 cxd4 8. Nxd4 Bc5 9. Bb2 0-0 10. e3 d5 11. Nxc6 Bxc6 12. Nd2 Rc8 13. Rc1 d4 14. exd4 Bxg2 15. Kxg2 Bxd4 16. Bxd4 Qxd4 17. Nf3 Qe4 18. Re1 1/2-1/2

[Event "POL-chT 2nd League"]
[Site "Sypniewo"]
[Date "2021.09.07"]
[Round "4.2"]
[White "Maciol, Ryszard"]
[Black "Bartkowiak, Damian"]
[Result "1/2-1/2"]
[WhiteElo "2138"]
[BlackElo "2099"]
[PlyCount "24"]
[EventDate "2021.09.04"]
[EventType "team-swiss"]
[EventRounds "9"]
[EventCountry "POL"]
[SourceTitle "CBM 204 Extra"]
[Source "ChessBase"]
[SourceDate "2021.11.30"]
[SourceVersion "1"]
[SourceVersionDate "2021.11.30"]
[SourceQuality "1"]
[WhiteTeam "Jaworzno"]
[BlackTeam "Zakrzewo Korona"]
[WhiteTeamCountry "POL"]
[BlackTeamCountry "POL"]

1. d4 d5 2. c4 e6 3. Nc3 Be7 4. Bf4 Nf6 5. e3 0-0 6. Bd3 c5 7. cxd5 cxd4 8. exd4 Nxd5 9. Be5 Nc6 10. Nf3 b6 11. 0-0 Bb7 12. Re1 h6 1/2-1/2

[Event "POL-chT 2nd League"]
[Site "Sypniewo"]
[Date "2021.09.06"]
[Round "3.3"]
[White "Kujawski, Adam"]
[Black "Maciol, Ryszard"]
[Result "1/2-1/2"]
[WhiteElo "2239"]
[BlackElo "2138"]
[PlyCount "74"]
[EventDate "2021.09.04"]
[EventType "team-swiss"]
[EventRounds "9"]
[EventCountry "POL"]
[SourceTitle "CBM 204 Extra"]
[Source "ChessBase"]
[SourceDate "2021.11.30"]
[SourceVersion "1"]
[SourceVersionDate "2021.11.30"]
[SourceQuality "1"]
[WhiteTeam "Bydgoszcz Hetman"]
[BlackTeam "Jaworzno"]
[WhiteTeamCountry "POL"]
[BlackTeamCountry "POL"]

1. e4 e6 2. d4 d5 3. Nc3 Bb4 4. e5 c5 5. a3 Bxc3+ 6. bxc3 Qa5 7. Qd2 Nc6 8. Nf3 f6 9. Rb1 a6 10. Bd3 c4 11. Be2 fxe5 12. Nxe5 Nxe5 13. dxe5 Qc7 14. Qg5 Qe7 15. Bh5+ g6 16. Bg4 Qxg5 17. Bxg5 h6 18. Be3 Ne7 19. Kd2 Nc6 20. f4 Rb8 21. Rb6 Rh7 22. Rhb1 Ra8 23. g3 Nd8 24. Bc5 Bd7 25. h4 h5 26. Bh3 Rc8 27. Bd6 Bc6 28. Ke3 Ba4 29. R1b2 Bb5 30. Ra2 Rc6 31. Rxc6 Bxc6 32. Kd4 Kd7 33. a4 Nf7 34. Bc5 Nh6 35. a5 Nf5+ 36. Bxf5 gxf5 37. Ke3 Bb5 1/2-1/2

[Event "EU-Cup Online Gr-D"]
[Site "Tornelo INT"]
[Date "2021.03.27"]
[Round "1.4"]
[White "Maciol, Ryszard"]
[Black "Georgescu, Tiberiu Marian"]
[Result "0-1"]
[WhiteElo "2154"]
[BlackElo "2479"]
[PlyCount "60"]
[EventDate "2021.03.27"]
[EventType "team-tourn (rapid)"]
[EventRounds "9"]
[EventCountry "NET"]
[SourceTitle "CBM 201 Extra"]
[Source "ChessBase"]
[SourceDate "2021.05.31"]
[SourceVersion "1"]
[SourceVersionDate "2021.05.31"]
[SourceQuality "1"]
[WhiteTeam "Celtic Tigers"]
[BlackTeam "Bucharest CSU ASE"]
[WhiteTeamCountry "ENG"]
[BlackTeamCountry "ROU"]

1. d4 d5 2. c4 e6 3. Nc3 Nf6 4. cxd5 exd5 5. Bg5 c6 6. e3 Be7 7. Bd3 Nbd7 8. Nf3 Nh5 9. Bxe7 Qxe7 10. 0-0 g6 11. Rb1 0-0 12. b4 a6 13. Na4 Ng7 14. Qc2 Ne8 15. Nc5 Nd6 16. a4 Nb6 17. Nd2 Bf5 18. Bxf5 Nxf5 19. b5 cxb5 20. axb5 a5 21. Ra1 Nd6 22. Qb3 Nbc4 23. Nxc4 Nxc4 24. Ra2 b6 25. Na4 Rfc8 26. Nc3 Nxe3 27. fxe3 Qxe3+ 28. Raf2 Rxc3 29. Qxd5 Rf8 30. h3 Rc2 0-1

[Event "Shropshire op"]
[Site "Telford"]
[Date "2020.01.05"]
[Round "4"]
[White "Maciol, Ryszard"]
[Black "Harvey, Marcus Ross"]
[Result "0-1"]
[WhiteElo "2158"]
[BlackElo "2419"]
[PlyCount "92"]
[EventDate "2020.01.03"]
[EventType "swiss"]
[EventRounds "5"]
[EventCountry "ENG"]
[SourceTitle "CBM 194 Extra"]
[Source "ChessBase"]
[SourceDate "2020.03.31"]
[SourceVersion "1"]
[SourceVersionDate "2020.03.31"]
[SourceQuality "1"]

1. d4 f5 2. g3 Nf6 3. Bg2 g6 4. Nf3 Bg7 5. 0-0 0-0 6. c4 d6 7. Nc3 c6 8. Qc2 Qc7 9. b3 Na6 10. Ba3 Qa5 11. Bb2 e5 12. dxe5 dxe5 13. Rad1 e4 14. Nd4 Bd7 15. a3 Rad8 16. b4 Qc7 17. Qb3 Bc8 18. c5+ Qf7 19. Qxf7+ Kxf7 20. e3 Ng4 21. Nce2 Ne5 22. Bc3 Nc7 23. Rc1 Nd5 24. Ba1 Nd3 25. Rc2 Rfe8 26. Rd1 g5 27. b5 Bd7 28. bxc6 bxc6 29. g4 f4 30. exf4 N3xf4 31. Bf1 Rb8 32. h3 e3 33. Nxf4 Nxf4 34. Nf3 Bxa1 35. Rxd7+ Kg6 36. Rd6+ Bf6 37. fxe3 Rxe3 38. Nxg5 Kxg5 39. h4+ Kxg4 40. Rxf6 Rb1 41. Rf2 Nh3+ 42. Kh2 Nxf2 43. Rxf2 Rc1 44. Bg2 Rxc5 45. Rf7 Rxa3 46. Rxh7 Ra2 0-1

[Event "Shropshire op"]
[Site "Telford"]
[Date "2020.01.05"]
[Round "5"]
[White "Patel, Devan"]
[Black "Maciol, Ryszard"]
[Result "1/2-1/2"]
[WhiteElo "1912"]
[BlackElo "2158"]
[PlyCount "89"]
[EventDate "2020.01.03"]
[EventType "swiss"]
[EventRounds "5"]
[EventCountry "ENG"]
[SourceTitle "CBM 194 Extra"]
[Source "ChessBase"]
[SourceDate "2020.03.31"]
[SourceVersion "1"]
[SourceVersionDate "2020.03.31"]
[SourceQuality "1"]

1. d4 Nf6 2. Nc3 d5 3. Bf4 Bf5 4. f3 e6 5. g4 Bg6 6. h4 h6 7. e3 Bd6 8. Nh3 Nc6 9. a3 Bh7 10. Bb5 Qe7 11. g5 Nh5 12. Bxd6 cxd6 13. Rg1 Bf5 14. Nf2 0-0-0 15. Qe2 hxg5 16. hxg5 Qc7 17. Bxc6 Qxc6 18. Qb5 Kb8 19. Qxc6 bxc6 20. Kd2 e5 21. Ne2 c5 22. dxc5 dxc5 23. Nd3 Bxd3 24. cxd3 g6 25. Rac1 Rc8 26. Rh1 Rhd8 27. Rh4 Rc7 28. Ra4 Ng7 29. d4 exd4 30. exd4 Ne6 31. dxc5 d4 32. Rcc4 Nxg5 33. Nxd4 Nxf3+ 34. Ke3 Nxd4 35. Rxd4 Rxd4 36. Kxd4 Kb7 37. b4 a6 38. Ra5 Rd7+ 39. Ke5 Rd3 40. c6+ Kb6 41. Rc5 Kc7 42. a4 Re3+ 43. Kf4 Ra3 44. Ra5 Kxc6 45. Rxa6+ 1/2-1/2

[Event "Shropshire op"]
[Site "Telford"]
[Date "2020.01.04"]
[Round "2"]
[White "Cox, John J"]
[Black "Maciol, Ryszard"]
[Result "1-0"]
[WhiteElo "2308"]
[BlackElo "2158"]
[PlyCount "65"]
[EventDate "2020.01.03"]
[EventType "swiss"]
[EventRounds "5"]
[EventCountry "ENG"]
[SourceTitle "CBM 194 Extra"]
[Source "ChessBase"]
[SourceDate "2020.03.31"]
[SourceVersion "1"]
[SourceVersionDate "2020.03.31"]
[SourceQuality "1"]

1. c4 e5 2. Nc3 Nc6 3. g3 Bc5 4. Bg2 d6 5. e3 a6 6. Nge2 Ba7 7. d4 exd4 8. Nxd4 Nge7 9. Nxc6 bxc6 10. b3 0-0 11. Bb2 Be6 12. 0-0 Rb8 13. Qd3 Qd7 14. Rac1 Bf5 15. Qd2 Bh3 16. Na4 Ng6 17. Qe2 Rfe8 18. c5 Rb4 19. Rc4 Rxc4 20. Qxc4 Bxg2 21. Kxg2 Bxc5 22. Nxc5 dxc5 23. h3 h5 24. Qxc5 Re6 25. Qd4 Qxd4 26. Bxd4 Ne7 27. Rc1 Nf5 28. Bb2 Rd6 29. Rc2 f6 30. Kf3 Kf7 31. Ke2 Ke6 32. Ba3 c5 33. Rxc5 1-0

[Event "Shropshire op"]
[Site "Telford"]
[Date "2020.01.03"]
[Round "1"]
[White "Lewis, Christopher"]
[Black "Maciol, Ryszard"]
[Result "0-1"]
[WhiteElo "1822"]
[BlackElo "2158"]
[PlyCount "36"]
[EventDate "2020.01.03"]
[EventType "swiss"]
[EventRounds "5"]
[EventCountry "ENG"]
[SourceTitle "CBM 194 Extra"]
[Source "ChessBase"]
[SourceDate "2020.03.31"]
[SourceVersion "1"]
[SourceVersionDate "2020.03.31"]
[SourceQuality "1"]

1. e4 e6 2. d4 d5 3. exd5 exd5 4. c4 Nf6 5. Nc3 Be7 6. Nf3 0-0 7. Be2 c6 8. h3 Be6 9. Ng5 Bf5 10. Qb3 Qd7 11. Be3 Na6 12. 0-0 Nb4 13. Rac1 Nd3 14. Ra1 dxc4 15. Qxc4 Nb4 16. Nd1 b5 17. Qc3 Nfd5 18. Qe1 Nc2 0-1

[Event "EU-Cup 35th"]
[Site "Ulcinj"]
[Date "2019.11.16"]
[Round "7.32"]
[White "Maciol, Ryszard"]
[Black "Bevan, Peter M"]
[Result "1-0"]
[WhiteElo "2131"]
[BlackElo "1879"]
[PlyCount "53"]
[EventDate "2019.11.10"]
[EventType "team-swiss"]
[EventRounds "7"]
[EventCountry "MNE"]
[SourceTitle "EXT 2021"]
[Source "ChessBase"]
[SourceDate "2020.10.23"]
[SourceVersion "1"]
[SourceVersionDate "2020.10.23"]
[SourceQuality "1"]
[WhiteTeam "Celtic Tigers"]
[BlackTeam "White Knights"]
[WhiteTeamCountry "ENG"]
[BlackTeamCountry "ENG"]

1. d4 Nf6 2. c4 e6 3. Nc3 Bb4 4. e3 0-0 5. Bd3 d5 6. Nf3 c5 7. 0-0 Bxc3 8. bxc3 Nc6 9. cxd5 Qxd5 10. Ba3 b6 11. e4 Qh5 12. Qe2 Rd8 13. dxc5 bxc5 14. Rab1 Bd7 15. h3 Rab8 16. Qe3 Be8 17. Be2 Qh6 18. Qxc5 Nxe4 19. Qc4 Nd2 20. Nxd2 Qxd2 21. Rbd1 Qg5 22. Bd6 Na5 23. Qf4 Qxf4 24. Bxf4 Rbc8 25. Ba6 Ra8 26. Bc7 Rxd1 27. Rxd1 1-0

[Event "POL-chT 2nd League"]
[Site "Jastrzebia Gora"]
[Date "2019.09.12"]
[Round "6.3"]
[White "Maciol, Ryszard"]
[Black "Malyovanyi, Yulian"]
[Result "0-1"]
[WhiteElo "2165"]
[BlackElo "2320"]
[PlyCount "84"]
[EventDate "2019.09.07"]
[EventType "team-swiss"]
[EventRounds "9"]
[EventCountry "POL"]
[SourceTitle "EXT 2020"]
[Source "ChessBase"]
[SourceDate "2019.10.17"]
[SourceVersion "1"]
[SourceVersionDate "2019.10.17"]
[SourceQuality "1"]
[WhiteTeam "Wroclaw Polonia"]
[BlackTeam "Ostrow Wielkopolski"]
[WhiteTeamCountry "POL"]
[BlackTeamCountry "POL"]

1. d4 Nf6 2. c4 g6 3. Nc3 Bg7 4. e4 d6 5. f3 0-0 6. Nge2 c5 7. d5 e6 8. Ng3 Re8 9. Be2 exd5 10. cxd5 h5 11. Bg5 Qb6 12. Qd2 Nh7 13. Bf4 Nd7 14. Nf1 Ne5 15. Bg3 f5 16. f4 Nf7 17. Ne3 Bxc3 18. Qxc3 Rxe4 19. Bf3 Re8 20. 0-0 Qd8 21. Rae1 Bd7 22. Nc4 Qf6 23. Qb3 Rxe1 24. Bxe1 b5 25. Na5 Qd4+ 26. Kh1 Re8 27. Nc6 Qxf4 28. Qxb5 Nf6 29. Bc3 Ng4 30. g3 Qe3 31. Qb7 Bc8 32. Qb5 a6 33. Qc4 Ng5 34. Bxg4 hxg4 35. Qf4 Qxf4 36. gxf4 Nf3 37. Rf2 Re4 38. b4 cxb4 39. Bxb4 Bd7 40. a3 Rc4 41. Ne7+ Kf7 42. Re2 Bb5 0-1

[Event "Shropshire op"]
[Site "Telford"]
[Date "2019.01.05"]
[Round "3"]
[White "Hynes, Anthony"]
[Black "Maciol, Ryszard"]
[Result "0-1"]
[WhiteElo "2093"]
[BlackElo "2163"]
[PlyCount "82"]
[EventDate "2019.01.04"]
[EventType "swiss"]
[EventRounds "5"]
[EventCountry "ENG"]
[SourceTitle "CBM 188 Extra"]
[Source "ChessBase"]
[SourceDate "2019.02.28"]
[SourceVersion "1"]
[SourceVersionDate "2019.02.28"]
[SourceQuality "1"]

1. Nf3 Nf6 2. g3 d6 3. Bg2 e5 4. d3 g6 5. 0-0 Bg7 6. c4 0-0 7. Nc3 Nc6 8. Rb1 Ne8 9. b4 h6 10. b5 Ne7 11. Qc2 Be6 12. Bb2 Qd7 13. Rfc1 f5 14. Nd2 Rb8 15. Ba3 f4 16. c5 fxg3 17. hxg3 Bh3 18. Bh1 Qf5 19. Nf3 Qg4 20. Rb4 Qf5 21. Ra4 g5 22. e3 h5 23. d4 exd4 24. exd4 g4 25. Nh4 Qf7 26. Re1 Bf6 27. Nf5 Kh8 28. Nxe7 Bxe7 29. Rxa7 h4 30. Qe2 hxg3 31. fxg3 Bf6 32. Ra4 Ng7 33. Ne4 d5 34. Nxf6 Qxf6 35. c6 Rfe8 36. Be7 Qf7 37. cxb7 Rxb7 38. Qd2 Rxb5 39. Bb4 Rb6 40. Ra3 Rxe1+ 41. Qxe1 Rxb4 0-1

[Event "Shropshire op"]
[Site "Telford"]
[Date "2019.01.04"]
[Round "1"]
[White "Ansari, Athar"]
[Black "Maciol, Ryszard"]
[Result "0-1"]
[WhiteElo "1893"]
[BlackElo "2163"]
[PlyCount "66"]
[EventDate "2019.01.04"]
[EventType "swiss"]
[EventRounds "5"]
[EventCountry "ENG"]
[SourceTitle "CBM 188 Extra"]
[Source "ChessBase"]
[SourceDate "2019.02.28"]
[SourceVersion "1"]
[SourceVersionDate "2019.02.28"]
[SourceQuality "1"]

1. d4 Nf6 2. Nf3 e6 3. Bf4 b6 4. e3 Bb7 5. Be2 Be7 6. 0-0 Nh5 7. Bg3 0-0 8. Nbd2 c5 9. c3 cxd4 10. cxd4 Nc6 11. Rc1 Rc8 12. Nc4 Nxg3 13. hxg3 b5 14. Nce5 d6 15. Nxc6 Bxc6 16. Qd3 Qb6 17. e4 Qb7 18. e5 dxe5 19. dxe5 Rfd8 20. Qe3 Bd5 21. a3 b4 22. a4 b3 23. Rxc8 Rxc8 24. Rc1 Rc2 25. Rxc2 bxc2 26. Qc1 Be4 27. Nd2 Bg6 28. Bc4 Qc7 29. Bb3 Qxe5 30. Nc4 Qe2 31. Ne3 Bc5 32. Nxc2 Bxf2+ 33. Kh2 Qh5# 0-1